1095 1869 1406 1897 1549 1055 1459 1072 1325 1176 1199 1681 1923 1243 1748 1366 1910 1147 1385 1565 1735 1142 1545 1065 1957 1187 1135 1374 1607 1052 1875 1198 1654 1100 1389 1973 1284 1318 1328 1699 1624 1440 1755 1817 1432 1717 1287 1090 1259 1980 1856 1772 1066 1969 1473 1679 1554 1856 1933 1671 1542 1671 1301 1771 1952 1209 1703 1948 1071 1163 1584 1641 1962 1448 1169 1259 1506 1541 1691 1369 1063 1451 1559 1535 1314 1174 1541 1037 1312 1397 1604 1193 1586 1919 1047 1921 1867 1877 1770 BCNSPRNW ULIB Ver.6.0+V

เปลี่ยนเป็นภาษาไทย

Change to English
 แสดงรายละเอียดบรรณานุกรม
  กลับหน้าหลัก

Brief Record : Get Marc (ISO 2709) : E-mail record : QR code < ปิดหน้าต่าง
LEADER : 00000nam 2200000uu 4500
001    13399128269
003     ULIB
008    220829s2564||||th 000 0 tha d
020 ^- ^a9786163660848
050 ^- ^aนว^bด179ก
100 1^ aดวงตะวัน [นามแฝง]
245 ^- ^aแม่น้ำสายปรารถนา /^cดวงตะวัน
260 ^- ^aนนทบุรี :^bสำนักพิมพ์ดวงตะวัน,^c2564
300 ^- ^a509 หน้า ;^c18 ซม.
650 ^4 ^aนวนิยายไทย
945    ^p380^l0^i29467
999    ^aกัณชพร จุลอักษร
รายการนี้ยังไม่มีแท็ก
คุณยังไม่ได้ล็อกอิน คุณสามารถมีกิจกรรมร่วมกับเว็บไซต์ได้ แต่ต้องล็อกอินก่อน ::
  ล็อกอิน

รายการสื่อสารสนเทศ

ลำดับที่ ประเภท เลขเรียก/บาร์โค้ด สถานที่ สถานะ
1. วิทยาศาสตร์การแพทย์ และสุขภาพ
วิทยาศาสตร์การแพทย์ และสุขภาพ
นว ด179ก ฉ.1 
  Barcode: 29467
ห้องสมุดวิทยาเขตนครสวรรค์
►นวนิยาย:l:Fiction
บนชั้น

รายการใกล้เคียง
    หัวเรื่อง [นวนิยายไทย]

BibComment


ยังไม่เคยถูกคอมเมนท์

คอมเมนท์ทรัพยากรรายการนี้
  คอมเมนท์: แม่น้ำสายปรารถนา..


 Copyright 2026. Bcnsprnw @Library